[Event "Vojvodina-chT (Women)"]
[Site "Kac"]
[Date "2016.10.22"]
[Round "3"]
[White "Milovanovic, Marica"]
[Black "Horvat, Nevena"]
[Result "0-1"]
[WhiteElo "1899"]
[BlackElo "1708"]
[PlyCount "64"]
[EventDate "2016.10.20"]
[EventType "team-tourn"]
[EventRounds "5"]
[EventCountry "SRB"]
[SourceTitle "EXT 2019"]
[Source "ChessBase"]
[SourceDate "2018.10.10"]
[SourceVersion "1"]
[SourceVersionDate "2018.10.10"]
[SourceQuality "1"]

1. c4 Nf6 2. Nf3 g6 3. Nc3 Bg7 4. g3 0-0 5. Bg2 d5 6. cxd5 Nxd5 7. 0-0 c6 8. Re1 Na6 9. a3 Nc5 10. d4 Ne6 11. Nxd5 Qxd5 12. e3 Rd8 13. Ne5 Qb5 14. Bf1 Qd5 15. Bg2 Qb5 16. Bf1 Qd5 17. Bg2 Qb5 18. Qd3 Qxe5 19. dxe5 Rxd3 20. Bf1 Rd8 21. f4 Nc5 22. Re2 Nb3 23. Rb1 Rd1 24. e4 Rxc1 25. Rxc1 Nxc1 26. Rc2 Nb3 27. Rc3 Be6 28. f5 gxf5 29. exf5 Bd5 30. Re3 Bh6 31. Rc3 Bc1 32. Rc2 Be3+ 0-1

[Event "Vojvodina-chT (Women)"]
[Site "Kac"]
[Date "2016.10.21"]
[Round "2"]
[White "Horvat, Nevena"]
[Black "Gajcin, Jasmina"]
[Result "0-1"]
[WhiteElo "1708"]
[BlackElo "1964"]
[PlyCount "79"]
[EventDate "2016.10.20"]
[EventType "team-tourn"]
[EventRounds "5"]
[EventCountry "SRB"]
[SourceTitle "EXT 2019"]
[Source "ChessBase"]
[SourceDate "2018.10.10"]
[SourceVersion "1"]
[SourceVersionDate "2018.10.10"]
[SourceQuality "1"]

1. d4 Nf6 2. Nf3 g6 3. Bf4 Bg7 4. h3 0-0 5. e3 d6 6. Bd3 c5 7. c3 Be6 8. Nbd2 Qb6 9. Qc2 cxd4 10. Nxd4 Bd7 11. Bh2 Na6 12. Ne4 Nxe4 13. Bxe4 Nc5 14. Bf3 Na4 15. Rb1 Rac8 16. Qb3 Qa5 17. 0-0 Nc5 18. Qd5 Qb6 19. Rfc1 e5 20. b4 Nd3 21. Ne6 Bxe6 22. Qxd3 Bxa2 23. Rb2 Bc4 24. Qd2 d5 25. Bd1 Rfd8 26. Kh1 Qe6 27. Qe1 Qa6 28. Bg4 f5 29. Ra1 Qb6 30. Be2 d4 31. Bxc4+ Rxc4 32. exd4 exd4 33. cxd4 Rcxd4 34. Re2 Re4 35. Rxe4 fxe4 36. Qxe4 Bxa1 37. Qc4+ Kg7 38. Bg1 Qd4 39. Qc7+ Qd7 40. Qc1 0-1

[Event "Vojvodina-chT (Women)"]
[Site "Kac"]
[Date "2016.10.20"]
[Round "1"]
[White "Radenkovic, Mina"]
[Black "Horvat, Nevena"]
[Result "0-1"]
[WhiteElo "1227"]
[BlackElo "1708"]
[PlyCount "72"]
[EventDate "2016.10.20"]
[EventType "team-tourn"]
[EventRounds "5"]
[EventCountry "SRB"]
[SourceTitle "EXT 2019"]
[Source "ChessBase"]
[SourceDate "2018.10.10"]
[SourceVersion "1"]
[SourceVersionDate "2018.10.10"]
[SourceQuality "1"]

1. e4 c5 2. Nf3 Nc6 3. c3 Nf6 4. d3 g6 5. g3 Bg7 6. Bg2 d5 7. Qe2 dxe4 8. dxe4 0-0 9. 0-0 Qc7 10. Bg5 e5 11. Be3 b6 12. Nbd2 Ng4 13. Rac1 Nxe3 14. Qxe3 Ba6 15. c4 Rad8 16. b3 Bc8 17. Rfd1 Nb4 18. a3 Nc6 19. b4 cxb4 20. c5 b5 21. axb4 Nxb4 22. Qb3 a5 23. Qc3 Na2 24. Qb2 Nxc1 25. Rxc1 Bh6 26. Bf1 b4 27. Qc2 Bg4 28. Rd1 Bxd2 29. Rxd2 Bxf3 30. Bd3 Qd7 31. Bf1 Qxd2 32. Qxd2 Rxd2 33. h3 b3 34. Bc4 b2 35. Ba2 Rd1+ 36. Kh2 Rh1# 0-1

[Event "SRB-ch U18 Girls"]
[Site "Kragujevac"]
[Date "2016.05.06"]
[Round "6"]
[White "Sarjanovic, Andjela"]
[Black "Horvat, Nevena"]
[Result "1/2-1/2"]
[WhiteElo "1694"]
[BlackElo "1756"]
[PlyCount "61"]
[EventDate "2016.05.02"]
[EventType "tourn"]
[EventRounds "9"]
[EventCountry "SRB"]
[SourceTitle "CBM 172 Extra"]
[Source "ChessBase"]
[SourceDate "2016.06.21"]
[SourceVersion "1"]
[SourceVersionDate "2016.06.21"]
[SourceQuality "1"]

1. e4 c5 2. c3 d5 3. exd5 Qxd5 4. Nf3 Nf6 5. d4 Bg4 6. Be2 Nc6 7. 0-0 cxd4 8. cxd4 e6 9. Nc3 Qd6 10. Nb5 Qd7 11. Ne5 Nxe5 12. dxe5 Bxe2 13. Qxe2 Nd5 14. Bd2 Bc5 15. Rac1 Qe7 16. Qc4 Bb6 17. Nd6+ Kf8 18. Nc8 Qd7 19. Bb4+ Kg8 20. Rfd1 g6 21. Ne7+ Kg7 22. Nxd5 exd5 23. Qxd5 Qf5 24. Rf1 Rhd8 25. Bd6 Rd7 26. Qb3 Re8 27. Qc2 Qe6 28. Qc4 Qf5 29. Qc2 Qe6 30. Qc4 Qf5 31. Rc2 1/2-1/2

[Event "SRB-ch U18 Girls"]
[Site "Kragujevac"]
[Date "2016.05.04"]
[Round "4"]
[White "Stankovic, Zvezdana"]
[Black "Horvat, Nevena"]
[Result "1/2-1/2"]
[WhiteElo "1592"]
[BlackElo "1756"]
[PlyCount "78"]
[EventDate "2016.05.02"]
[EventType "tourn"]
[EventRounds "9"]
[EventCountry "SRB"]
[SourceTitle "CBM 172 Extra"]
[Source "ChessBase"]
[SourceDate "2016.06.21"]
[SourceVersion "1"]
[SourceVersionDate "2016.06.21"]
[SourceQuality "1"]

1. f3 f6 2. e4 e5 3. d4 exd4 4. Qxd4 Nc6 5. Qd1 Nge7 6. Ne2 d5 7. exd5 Nxd5 8. Nbc3 Nxc3 9. Qxd8+ Nxd8 10. Nxc3 Bc5 11. Bb5+ Bd7 12. Bxd7+ Kxd7 13. Ke2 Ne6 14. Be3 Bxe3 15. Kxe3 Ke7 16. Rad1 Rad8 17. Rxd8 Rxd8 18. Rd1 Rxd1 19. Nxd1 Kd6 20. c3 c5 21. b4 cxb4 22. cxb4 b6 23. a4 a5 24. bxa5 bxa5 25. Nc3 g5 26. g4 Ng7 27. Ke4 Ke7 28. h3 h5 29. f4 gxf4 30. Kxf4 hxg4 31. hxg4 Kd7 32. Ke3 f5 33. gxf5 Nxf5+ 34. Kd3 Nd6 35. Nd5 Nb7 36. Nb6+ Kc6 37. Nc4 Nc5+ 38. Kd4 Nxa4 39. Nxa5+ Kd6 1/2-1/2

[Event "SRB-ch U18 Girls"]
[Site "Kragujevac"]
[Date "2016.05.03"]
[Round "2"]
[White "Lalic, Danka"]
[Black "Horvat, Nevena"]
[Result "1/2-1/2"]
[WhiteElo "1887"]
[BlackElo "1756"]
[PlyCount "52"]
[EventDate "2016.05.02"]
[EventType "tourn"]
[EventRounds "9"]
[EventCountry "SRB"]
[SourceTitle "CBM 172 Extra"]
[Source "ChessBase"]
[SourceDate "2016.06.21"]
[SourceVersion "1"]
[SourceVersionDate "2016.06.21"]
[SourceQuality "1"]

1. e4 e6 2. d3 d5 3. Nd2 Nf6 4. Ngf3 Bc5 5. g3 Nbd7 6. Bg2 c6 7. 0-0 0-0 8. c3 dxe4 9. dxe4 Qc7 10. Qe2 e5 11. a4 Ne8 12. Nc4 f6 13. Nh4 Nb6 14. Ne3 Be6 15. a5 Nd7 16. Nef5 Rf7 17. Qg4 Kh8 18. Qh5 Nf8 19. Qe2 a6 20. b4 Ba7 21. Rd1 Rd8 22. Be3 Bxe3 23. Qxe3 Rfd7 24. Qe2 Rxd1+ 25. Rxd1 Rxd1+ 26. Qxd1 Qd7 1/2-1/2

[Event "Senta op 19th"]
[Site "Senta"]
[Date "2015.07.15"]
[Round "6"]
[White "Horvat, Nevena"]
[Black "Skenderovic, Nikola"]
[Result "1-0"]
[WhiteElo "1727"]
[BlackElo "1556"]
[PlyCount "85"]
[EventDate "2015.07.11"]
[EventType "swiss"]
[EventRounds "9"]
[EventCountry "SRB"]
[SourceTitle "EXT 2016"]
[Source "ChessBase"]
[SourceDate "2015.10.08"]
[SourceVersion "1"]
[SourceVersionDate "2015.10.08"]
[SourceQuality "1"]

1. c4 Nf6 2. d4 g6 3. Nc3 Bg7 4. Nf3 0-0 5. Bg5 c5 6. d5 h6 7. Bd2 d6 8. e4 e6 9. Qc1 Kh7 10. Be2 exd5 11. exd5 Re8 12. 0-0 b5 13. cxb5 Nxd5 14. Nxd5 Rxe2 15. Ne3 a6 16. Qd1 Rxd2 17. Qxd2 axb5 18. Qd5 Ra7 19. Rac1 Rd7 20. b3 Bb7 21. Qd1 Qa5 22. Qe2 Na6 23. Rfd1 d5 24. Ng4 Qb6 25. Qe8 Qc7 26. Qe3 f5 27. Nxh6 Bxh6 28. Ng5+ Bxg5 29. Qxg5 Qd8 30. Qf4 Qc7 31. Qh4+ Kg7 32. Rc3 d4 33. Rh3 Qc6 34. Qh8+ Kf7 35. Rh7+ Ke6 36. Re1+ Qe4 37. Rxe4+ Bxe4 38. Qe8+ Kf6 39. Qxd7 d3 40. Rf7+ Ke5 41. Qe7+ Kd4 42. Qf6+ Kd5 43. Rd7# 1-0

[Event "SRB-ch U16 Girls"]
[Site "Subotica"]
[Date "2014.04.23"]
[Round "9"]
[White "Stanimirovic, Marija"]
[Black "Horvat, Nevena"]
[Result "1-0"]
[WhiteElo "1827"]
[BlackElo "1662"]
[PlyCount "110"]
[EventDate "2014.04.17"]
[EventType "swiss"]
[EventRounds "9"]
[EventCountry "SRB"]
[SourceTitle "CBM 160 Extra"]
[Source "ChessBase"]
[SourceDate "2014.07.01"]
[SourceVersion "1"]
[SourceVersionDate "2014.07.01"]
[SourceQuality "1"]

1. d4 d5 2. c4 e6 3. Nc3 Nf6 4. Bf4 a6 5. e3 Be7 6. Nf3 Nbd7 7. c5 Nh5 8. Bg3 Nxg3 9. hxg3 Bf6 10. Be2 c6 11. b4 e5 12. dxe5 Nxe5 13. Nd4 g6 14. 0-0 h5 15. Na4 0-0 16. Nb6 Rb8 17. Rb1 Be6 18. a4 Nd7 19. Nxe6 fxe6 20. Qc2 Kg7 21. Nxd7 Qxd7 22. Bd3 Qf7 23. b5 axb5 24. axb5 e5 25. bxc6 bxc6 26. Rb6 e4 27. Ba6 Qc7 28. Rfb1 Kh6 29. Bb7 Qe7 30. Bxc6 Rbc8 31. Rb7 Qe5 32. Bd7 Ra8 33. c6 Qd6 34. Rc1 Ra1 35. Rxa1 Bxa1 36. Qd1 Be5 37. Rb5 d4 38. Rxe5 Qxe5 39. exd4 Qe7 40. Qd2+ Kh7 41. d5 Qe5 42. Be6 Qa1+ 43. Kh2 Qe5 44. Qe3 h4 45. f4 hxg3+ 46. Kxg3 Qd6 47. Qxe4 Ra8 48. Kh2 Ra1 49. Qe3 Ra3 50. Qe5 Qc5 51. f5 Qf8 52. fxg6+ Kxg6 53. Qe4+ Kg7 54. Qg4+ Kh6 55. Qh4+ Kg6 1-0

[Event "SRB-ch U16 Girls"]
[Site "Subotica"]
[Date "2014.04.21"]
[Round "6"]
[White "Horvat, Nevena"]
[Black "Petrovic, Tamara"]
[Result "1-0"]
[WhiteElo "1662"]
[BlackElo "1664"]
[PlyCount "69"]
[EventDate "2014.04.17"]
[EventType "swiss"]
[EventRounds "9"]
[EventCountry "SRB"]
[SourceTitle "CBM 160 Extra"]
[Source "ChessBase"]
[SourceDate "2014.07.01"]
[SourceVersion "1"]
[SourceVersionDate "2014.07.01"]
[SourceQuality "1"]

1. c4 Nf6 2. Nf3 c6 3. d4 d5 4. e3 e6 5. b3 Ne4 6. Be2 Bb4+ 7. Bd2 Bd6 8. c5 Bc7 9. b4 Nd7 10. a4 b6 11. Nc3 Nxd2 12. Qxd2 bxc5 13. dxc5 a5 14. b5 Nxc5 15. Rb1 cxb5 16. Bxb5+ Bd7 17. Qd4 Qe7 18. Qxg7 Qf8 19. Qd4 Rg8 20. g3 Bd6 21. Bxd7+ Nxd7 22. 0-0 Bb4 23. Nb5 Rc8 24. Rfc1 Ke7 25. Ne5 Nxe5 26. Qxe5 Qd8 27. Nd4 Qd7 28. Nf5+ Kf8 29. Rxb4 exf5 30. Rxc8+ Qxc8 31. Rb8 Qxb8 32. Qxb8+ Kg7 33. Qe5+ Kg6 34. Qxd5 Rb8 35. Qd6+ 1-0

[Event "SRB-ch U16 Girls"]
[Site "Subotica"]
[Date "2014.04.19"]
[Round "4"]
[White "Horvat, Nevena"]
[Black "Acimovic, Gorica"]
[Result "1-0"]
[WhiteElo "1662"]
[BlackElo "1694"]
[PlyCount "75"]
[EventDate "2014.04.17"]
[EventType "swiss"]
[EventRounds "9"]
[EventCountry "SRB"]
[SourceTitle "CBM 160 Extra"]
[Source "ChessBase"]
[SourceDate "2014.07.01"]
[SourceVersion "1"]
[SourceVersionDate "2014.07.01"]
[SourceQuality "1"]

1. c4 f5 2. d4 Nf6 3. g3 g6 4. Bg2 Bg7 5. Nc3 0-0 6. Nf3 d6 7. 0-0 Nc6 8. a3 a6 9. b4 e6 10. Rb1 Qe7 11. Bg5 h6 12. Be3 g5 13. d5 Nd8 14. dxe6 Nxe6 15. Nd5 Qf7 16. Qd3 Ng4 17. Bc1 Ne5 18. Qb3 g4 19. Ne1 Nd4 20. Qa2 Re8 21. Be3 Ne6 22. Nd3 Ng6 23. Qd2 Kh7 24. Rfc1 Bd7 25. N3f4 Ngxf4 26. Nxf4 Nxf4 27. Bxf4 Rab8 28. c5 Bb5 29. e3 Be5 30. cxd6 cxd6 31. Bd5 Qf6 32. Rc7+ Re7 33. Rbc1 Qg7 34. Rxe7 Qxe7 35. Qc2 Qd8 36. Qxf5+ Kg7 37. Qxg4+ Kf6 38. Qe6+ 1-0

[Event "Senta op-B 17th"]
[Site "Senta"]
[Date "2013.07.19"]
[Round "8"]
[White "Horvat, Nevena"]
[Black "Milenkovic, Jelena"]
[Result "1/2-1/2"]
[WhiteElo "1636"]
[BlackElo "1502"]
[PlyCount "35"]
[EventDate "2013.07.13"]
[EventType "swiss"]
[EventRounds "9"]
[EventCountry "SRB"]
[SourceTitle "EXT 2014"]
[Source "ChessBase"]
[SourceDate "2013.11.20"]
[SourceVersion "1"]
[SourceVersionDate "2013.11.20"]
[SourceQuality "1"]

1. c4 Nf6 2. Nf3 g6 3. Nc3 Bg7 4. g3 0-0 5. Bg2 d6 6. 0-0 Nbd7 7. Qc2 Nb6 8. d3 c6 9. b3 d5 10. Bb2 Bf5 11. Nd4 Qc8 12. Nxf5 Qxf5 13. cxd5 cxd5 14. Qd2 Qd7 15. Rac1 Rac8 16. Rc2 e6 17. Rfc1 Ng4 18. Nd1 1/2-1/2

[Event "SRB-ch U16 Girls"]
[Site "Vrnjacka Banja"]
[Date "2013.05.04"]
[Round "6"]
[White "Milosevic, Milica"]
[Black "Horvat, Nevena"]
[Result "0-1"]
[WhiteElo "1609"]
[BlackElo "1634"]
[PlyCount "122"]
[EventDate "2013.04.30"]
[EventType "swiss"]
[EventRounds "9"]
[EventCountry "SRB"]
[SourceTitle "CBM 154 Extra"]
[Source "ChessBase"]
[SourceDate "2013.06.25"]
[SourceVersion "2"]
[SourceVersionDate "2013.06.25"]
[SourceQuality "1"]

1. d4 Nf6 2. Nf3 g6 3. Bf4 Bg7 4. e3 d6 5. Nbd2 Nbd7 6. Bd3 c5 7. c3 0-0 8. 0-0 Re8 9. Bc2 b6 10. Re1 Bb7 11. Bb3 h6 12. h3 Rc8 13. Qe2 e5 14. dxe5 dxe5 15. Bh2 e4 16. Nh4 Nd5 17. Ba4 Bc6 18. Bxc6 Rxc6 19. Qc4 N7f6 20. Rad1 Qe7 21. Nb3 Rd8 22. g4 Qe6 23. Ng2 g5 24. Bg3 Rcc8 25. Qa6 Qe7 26. Nd2 Ra8 27. Nc4 Nc7 28. Rxd8+ Qxd8 29. Qb7 Ncd5 30. Rd1 Qe8 31. Nd6 Qf8 32. Nxf7 Re8 33. Nd6 Re7 34. Qc6 Rc7 35. Qb5 Re7 36. Nf5 Rb7 37. Qc4 Rd7 38. Qb5 Nxc3 39. Qc4+ Ncd5 40. Be5 Kh8 41. Qa4 Qc8 42. Nd6 Qd8 43. Qc6 Rc7 44. Qa4 Rd7 45. Nf5 Qe8 46. Bg3 Nb4 47. Rxd7 Qxd7 48. Qb3 Qd5 49. Qa3 Qxa2 50. Qxa2 Nxa2 51. Kf1 Nd5 52. Nxg7 Kxg7 53. Bb8 a6 54. Ke2 Nc1+ 55. Kf1 Kf6 56. Ne1 Nd3 57. Nxd3 exd3 58. Ke1 c4 59. Kd2 b5 60. Bg3 a5 61. Bd6 b4 0-1

[Event "SRB Kadetski festival U14 Girls 6th"]
[Site "Vrnjacka Banja"]
[Date "2012.04.15"]
[Round "8"]
[White "Ivkovic, Aleksandra"]
[Black "Horvat, Nevena"]
[Result "1/2-1/2"]
[WhiteElo "1666"]
[BlackElo "1553"]
[PlyCount "163"]
[EventDate "2012.04.10"]
[EventType "swiss"]
[EventRounds "9"]
[EventCountry "SRB"]
[SourceTitle "CBM 148 Extra"]
[Source "ChessBase"]
[SourceDate "2012.06.22"]
[SourceVersion "1"]
[SourceVersionDate "2012.06.22"]
[SourceQuality "1"]

1. e4 c5 2. Nf3 d6 3. d4 cxd4 4. Nxd4 Nf6 5. Nc3 g6 6. Bd3 Bg7 7. 0-0 0-0 8. Be3 Bd7 9. f3 Nc6 10. Nb3 a6 11. Qd2 Rc8 12. Bh6 Ne5 13. Bxg7 Kxg7 14. Kh1 Nxd3 15. cxd3 b5 16. Rae1 Bc6 17. f4 e6 18. Re3 Ng4 19. Rg3 h5 20. Nd1 d5 21. Qe2 dxe4 22. dxe4 Qh4 23. Rh3 Qe7 24. Nf2 Nf6 25. Re3 Qc7 26. Nh3 Nxe4 27. Rxe4 Bxe4 28. Qxe4 Qd6 29. Ng5 Rc4 30. Qe3 Rd8 31. h3 Qd3 32. Qe5+ Kg8 33. Rf3 Qf5 34. Qxf5 exf5 35. Rf2 Rdc8 36. Rd2 Rxf4 37. Rd6 Ra4 38. Rf6 Rc7 39. a3 Kg7 40. Rd6 Kh6 41. Nf3 b4 42. axb4 Rxb4 43. Nbd4 Kg7 44. Rxa6 Rxb2 45. Ra4 Rcb7 46. Ng5 R2b4 47. Rxb4 Rxb4 48. Ngf3 g5 49. Nxf5+ Kf6 50. Ne3 Rb5 51. Kg1 Kg6 52. Nc4 f6 53. Nd6 Rd5 54. Ne4 Rd1+ 55. Kf2 Ra1 56. Kg3 Ra2 57. Nc3 Rb2 58. Nd1 h4+ 59. Kh2 Rb7 60. Ne3 f5 61. Nc4 Rb5 62. Nce5+ Kh5 63. Nd3 Ra5 64. Nf2 Ra4 65. g3 hxg3+ 66. Kxg3 Ra3 67. Kg2 g4 68. hxg4+ fxg4 69. Nxg4 Kxg4 70. Ne5+ Kf5 71. Nc4 Rd3 72. Kf2 Kf4 73. Ke2 Rh3 74. Nd2 Ra3 75. Nc4 Rc3 76. Nd2 Ke5 77. Nf3+ Kf4 78. Nd2 Re3+ 79. Kf2 Ra3 80. Ke2 Re3+ 81. Kf2 Rh3 82. Ke2 1/2-1/2